Normal view
MARC view
Entry Personal Name
001 - CONTROL NUMBER
- control field: 12959
003 - CONTROL NUMBER IDENTIFIER
- control field: OSt
005 - DATE AND TIME OF LATEST TRANSACTION
- control field: 20190924113403.0
008 - FIXED-LENGTH DATA ELEMENTS
- fixed length control field: 190924|| aca||aabn | a|a d
040 ## - CATALOGING SOURCE
- Original cataloging agency: OSt
- Transcribing agency: OSt
100 ## - HEADING--PERSONAL NAME
- Personal name: Ellis, Harold; Logan, B. M.; Dixon, Adrian K, 1926-.
670 ## - SOURCE DATA FOUND
- Source citation: Work cat.: (OSt): Ellis, Harold; Logan, B. M.; Dixon, Adrian K, 1926-., Human Sectional Anatomy : pocket atlas of body sections, CT and MRI images , 2001
